|
|
|
|
| LEADER |
00000nam0a2200000 4500 |
| 001 |
287653 |
| 005 |
20231102000017.0 |
| 035 |
|
|
|a (RuTPU)RU\TPU\book\312075
|
| 090 |
|
|
|a 287653
|
| 100 |
|
|
|a 20150318d1984 k y0rusy50 ca
|
| 101 |
0 |
|
|a rus
|
| 102 |
|
|
|a RU
|
| 105 |
|
|
|a a z 001zy
|
| 200 |
1 |
|
|a Космогеологическое картирование
|e сборник научных трудов
|f Всесоюзный научно-исследовательский геологический институт (ВСЕГЕИ) ; под ред. В. В. Козлова
|
| 210 |
|
|
|a Ленинград
|c Изд-во ВСЕГЕИ
|d 1984
|
| 215 |
|
|
|a 151 с.
|c ил.
|
| 320 |
|
|
|a Библиография в конце статей
|
| 606 |
1 |
|
|a Геологическое картирование
|2 stltpush
|3 (RuTPU)RU\TPU\subj\6093
|9 34052
|
| 610 |
1 |
|
|a вулканогенные пояса
|
| 610 |
1 |
|
|a карты
|
| 610 |
1 |
|
|a интерпретация
|
| 610 |
1 |
|
|a Казахстан
|
| 610 |
1 |
|
|a Русская плита
|
| 610 |
1 |
|
|a нефтегазоносность
|
| 610 |
1 |
|
|a геофизические данные
|
| 610 |
1 |
|
|a космические снимки
|
| 610 |
1 |
|
|a кимберлитовые поля
|
| 610 |
1 |
|
|a исследование
|
| 675 |
|
|
|a 550.8:528
|v 4
|
| 702 |
|
1 |
|a Козлов
|b В. В.
|4 340
|
| 712 |
0 |
2 |
|a Всесоюзный научно-исследовательский геологический институт (ВСЕГЕИ)
|c (Ленинград)
|c (1939-1991)
|2 stltpush
|3 (RuTPU)RU\TPU\col\11367
|
| 801 |
|
1 |
|a RU
|b 63413507
|c 20150318
|
| 801 |
|
2 |
|a RU
|b 63413507
|c 20170216
|g RCR
|
| 942 |
|
|
|c BK
|